000 00580cam a22002172a 4500
001 004132
003 AR-FADEU
008 311216n1992####xxu####################dd
020 _a84-7432-384-3
092 _a301.54
_bA376
100 _aAlexander, Jeffrey C.
245 _aLas teorías sociológicas desde la segunda guerra mundial : análisis multidimensional
250 _a2a. ed
260 _aBarcelona
260 _bGedisa
260 _c1992
300 _a315 p
440 _aHombre y sociedad
650 _aSOCIOLOGIA-TEORIA-SEGUNDA GUERRA MUNDIAL
942 _cBDGR
999 _c9959
_d9959